000 00479nam a22001817a 4500
003 Ost
005 20220902183412.0
008 220902b |||||||| |||| 00| 0 eng d
020 _aNA
040 _cBT-PhCST
050 _a4579
082 _222
_a629.0421
100 _aKhisty, C. Jotin and Lall, B. Kent.
245 _aTransportation engineering :
_ban introduction /
260 _aNew Delhi,
_bPrentice Hall,
_cc2005.
300 _axxiii, 812 p. ;
_bill. ;
942 _2ddc
_cCIVIL
999 _c3249
_d3249